| 000 | 00667nam a2200193 i 4500 | ||
|---|---|---|---|
| 001 | 84309 | ||
| 003 | ES-MaACL | ||
| 005 | 20250915063036.0 | ||
| 007 | t| | ||
| 008 | 041122s1967 sp ||||1| spa d | ||
| 100 | 1 |
_aXiménez de Sandoval, Felipe, _d1903-1978 _9117510 |
|
| 245 | 1 | 0 |
_aCadalso _b: vida y muerte de un poeta soldado / _cFelipe Ximénez de Sandoval ; prólogo de José María Pemán. |
| 260 |
_aMadrid : _bEd. Nacional, _c1967. |
||
| 300 |
_aXXXVI, 380 p. ; _c21 cm. |
||
| 600 | 1 | 4 |
_aCadalso, José ( _d1741-1782) _933373 |
| 700 | 1 |
_aPemán, José María, _d1897-1981 _990130 |
|
| 852 |
_aES-MaACL _jC-32738 _bR.63094 |
||
| 999 |
_c84309 _d84309 |
||